LEADER 01041nam a2200217 i 4500 001 000000005786 003 CaOOAMICUS 005 20251217092832.0 008 180830s1849 it u000 u ita u 040 $aSeMil$bita 245 10$aOfficia quae sancta bergomensis ecclesia suis officiis propriis vel substituet vel addet si annuerit sanctissimus d. n. Pius papa 9. 260 $aBergomi :$bTypis Sonzoneis,$c1849. 300 $a2 v. ;$c26 cm. 650 4$aLibri liturgici - Messale romano - Propri delle Messe.$0(OLS)http://semarc/subject/59210 650 4$aBergamo (Diocesi) - Libri liturgici.$0(OLS)http://semarc/subject/903 700 1 $aDiocesi di Bergamo.$0(OLS)http://semarc/name/2410 774 0 $tPars 1.$g1$w()142815 774 0 $tPars 2.$g2$w()248652 996 $6245$aOfficia quae sancta bergomensis ecclesia suis officiis propriis vel substituet vel addet si annuerit sanctissimus d. n. Pius papa 9$9(OLS)http://semarc/title/7975 996 $6260$aBergomi :$bTypis Sonzoneis$9(OLS)http://semarc/publisher/31588 LEADER 01352nam a2200301 i 4500 001 000000059979 003 CaOOAMICUS 005 20241129121915.0 008 140327s1966 xx u000 u fre u 013 $a31151 040 $aSeMil$bita 100 1 $aThurian, Max,$d<1921-1996>.$0(OLS)http://semarc/name/7144 240 13$aLa confession.$0(OLS)http://semarc/title/93943 245 13$aLa confession /$cMax Thurian , frère de Taizé ; Préface du Pasteur Marc Boegner de l'Académie française. 250 $aTroisième édition. 264 1$aNeuchatel (Suisse) :$bDelachaux et Niestlé,$c1966. 300 $a185 p. ;$c19 cm. 490 1 $aCollection de Taizé 650 4$aConfessione dei peccati.$0(OLS)http://semarc/subject/2020 650 4$aPenitenza .$0(OLS)http://semarc/subject/3014 700 1 $aBoegner, Marc,$d<1881-1970>.$0(OLS)http://semarc/name/22742 830 0$aCollection de Taizé.$0(OLS)http://semarc/title/14969 850 $aSeMil 852 $aSeMil$W1$xVenegono$y1$m2K I 347$j26132$B26132$CSeMilBibl$Z2$F26135 $81 961 $aVolume con evidenti e diffuse sottolineature e/o annotazioni (a matita) 996 $6245$aLa confession$9(OLS)http://semarc/title/93867 996 $6264$aNeuchatel (Suisse) :$bDelachaux et Niestlé$9(OLS)http://semarc/publisher/30796